000 00757cab a2200229 4500
001 WB3106-28
008 090401t1995 xxu||||| |||| 00| 0 eng d
035 _a(Sirsi) u71525
041 _aeng
245 _aHousing acts
260 _c1995
350 _a0
490 _aEstates Gazette Case Summaries
_v1995 EGCS 9 (4/2/95)
520 _a"R v Bristol CC ex parte Bradic" held that the term `emergency` under the Housing Act 1985 s59(1) did not include unlawful eviction. Application for judicial review allowed.
650 _aHOMELESSNESS
650 _aHOUSING ACT 1985 S59(1)
650 _aNATURAL DISASTERS
650 _aUNLAWFUL EVICTION
690 _aLANDLORD AND TENANT-CASE LAW-RESIDENTIAL TENANCIES
942 _n0
948 _c04/03/1997
999 _c45105
_d45105